Ingenuity of children could be expensive (Record no. 74461)

MARC details
000 -LEADER
fixed length control field 01492cab a2200229 4500
001 - CONTROL NUMBER
control field ABS67991
008 - FIXED-LENGTH DATA ELEMENTS--GENERAL INFORMATION
fixed length control field 040715n2004 000 0 eng u
035 ## - SYSTEM CONTROL NUMBER
System control number (Sirsi) u126792
100 ## - MAIN ENTRY--PERSONAL NAME
Personal name Bell, J.
245 ## - TITLE STATEMENT
Title Ingenuity of children could be expensive
260 ## - PUBLICATION, DISTRIBUTION, ETC.
Date of publication, distribution, etc. 2004
490 ## - SERIES STATEMENT
Series statement Construction News
Volume/sequential designation (6873) 1 July 2004, 19(1)
520 ## - SUMMARY, ETC.
Summary, etc. Points out that occupiers should make sure sites are secure over the summer holidays, as more children are on the streets. Lists recommendations for safe management of sites. Discusses "Gabriel v Kirklees MBC" ([2004] EWCA Civ 345, [2004] All ER (D) 462 (Mar)) where a boy was hit in the eye by debris thrown from a building site, as he walked past on the street. The site was being demolished, was covered in rubble and not surrounded by perimeter fence. It was used by local children as a play area. Claimant Gabriel (G) alleged negligence on the part of Kirklees, but the judge dismissed the claim on grounds that risk was not foreseeable. G appealed, citing errors made by the judge had left the case unresovable. A retrial has been ordered and the parties advised to negotiate a settlement. View judgment at www.bailli.org.
590 ## - LOCAL NOTE (RLIN)
Local note ABS
650 ## - SUBJECT ADDED ENTRY--TOPICAL TERM
Topical term or geographic name entry element GABRIEL V KIRKLEES MBC
650 ## - SUBJECT ADDED ENTRY--TOPICAL TERM
Topical term or geographic name entry element SITE SAFETY
650 ## - SUBJECT ADDED ENTRY--TOPICAL TERM
Topical term or geographic name entry element NEGLIGENCE
650 ## - SUBJECT ADDED ENTRY--TOPICAL TERM
Topical term or geographic name entry element CHILDREN
690 ## - LOCAL SUBJECT ADDED ENTRY--TOPICAL TERM (OCLC, RLIN)
Topical term or geographic name as entry element BUILT ENVIRONMENT-BUILDING STANDARDS
856 ## - ELECTRONIC LOCATION AND ACCESS
Uniform Resource Identifier <a href="https://www.bailii.org/ew/cases/EWCA/Civ/2004/345.html">https://www.bailii.org/ew/cases/EWCA/Civ/2004/345.html</a>
Public note View judgment on the BAILII website...
942 ## - ADDED ENTRY ELEMENTS (KOHA)
Suppress in OPAC 0
Holdings
Withdrawn status Lost status Source of classification or shelving scheme Damaged status Not for loan Home library Current library Shelving location Date acquired Total Checkouts Full call number Barcode Date last seen Copy number Price effective from Koha item type
    Dewey Decimal Classification     London London Journal article 15/07/2004   ABS67991 126792-1001 06/08/2019 1 06/08/2019 Journal article